Statistics for Highest Percent of Population in The Capital - Americas

Click here to take the quiz!

General Stats

  • This quiz has been taken 16 times
  • The average score is 10 of 10

Answer Stats

#PercentAnswer% Correct
1023.07%Antigua and Barbuda / St John
100%
0538.37%Barbados / Bridgetown
100%
0929.97%Chile / Santiago
100%
0833.03%Grenada / St George
100%
0242.35%Jamaica / Kingston
100%
0341.82%Suriname / Paramaribo
100%
0440.04%Uruguay / Montevideo
100%
0637.44%Argentina / Buenos Aires
93%
0169.00%Bahamas / Nassau
93%
0734.38%Peru / Lima
93%

Score Distribution

Percentile by Number Answered

Percent of People with Each Score

Your Score History

You have not taken this quiz